Normal view
MARC view
Entry Topical Term
001 - CONTROL NUMBER
- control field: 22322
003 - CONTROL NUMBER IDENTIFIER
- control field: dpl
005 - DATE AND TIME OF LATEST TRANSACTION
- control field: 20100929114422.0
008 - FIXED-LENGTH DATA ELEMENTS
- fixed length control field: 100929|||a|||||| | ||| d
040 ## - CATALOGING SOURCE
- Original cataloging agency: dpl
- Transcribing agency: dpl
150 ## - HEADING--TOPICAL TERM
- Topical term or geographic name as entry element: शहनाई संगीत
- Geographic subdivision: भारत
670 ## - SOURCE DATA FOUND
- Source citation: Work cat.: (dpl)31547: श्रीवास्तव, मुरली मनोहन 22321, शहनाई वादक उस्ताद बिस्मिल्लाह खाँ /, 2009
670 ## - SOURCE DATA FOUND
- Source citation: Work cat.: (dpl)31547: श्रीवास्तव, मुरली मनोहन 22321, शहनाई वादक उस्ताद बिस्मिल्लाह खाँ /, 2009
